| 000 | 00718nam a2200205 a 4500 | ||
|---|---|---|---|
| 001 | 000040406 | ||
| 005 | 20201002034119.0 | ||
| 008 | 130823s2006 mx 000 0 spa d | ||
| 020 | _a9685011508 | ||
| 040 |
_aDO-SdBNP _bspa _cBNPHU |
||
| 082 |
_axxx _bxxxx |
||
| 245 | 0 | 0 |
_aAnywhere in the south. : _bcartas de una joven texana a Julio Torri / _ccompilación de Serge I. ZaÏtzeff; traducción, Enrique Pérez Castillo y Gabriel Wolfson. |
| 260 |
_aMéxico, : _bDGE ediciones, _c2006. |
||
| 300 |
_a101 p. ; _c21 cm. |
||
| 490 | 1 | _aPértiga | |
| 700 | 1 |
_aPérez Castillo, Enrique _etrad. _966707 |
|
| 700 | 1 |
_aWolfson, Gabriel _etrad. _966708 |
|
| 700 | 1 |
_aZaÏzeff, Serge I. _ecomp. _966709 |
|
| 830 | 0 |
_aPértiga _966710 |
|
| 999 |
_c39896 _d39896 |
||